| 000 | 00979nam a2200229Ia 4500 | ||
|---|---|---|---|
| 999 |
_c38408 _d38408 |
||
| 001 | 4419 | ||
| 003 | GE_BSU | ||
| 005 | 20190516154546.0 | ||
| 008 | 181216s1983||||ge |||||||||||||| ||geo|| | ||
| 040 | _cGE_BSU | ||
| 041 | _ageo | ||
| 080 | _a531.1(075.8) მ–69 | ||
| 100 |
_aმეშჩერსკი,ი. _91240 |
||
| 245 |
_aთეორიული მექანიკის ამოცანათა კრებული / _c ი.მეშჩერსკი ; რედ : ე.გრძელიძე. |
||
| 250 | _aმე-2 გამოცემა,თარგმ.ოცდამეცამეტე რუს. გამ-დან. | ||
| 264 |
_aთბილისი : _bგანათლება, _c1983. |
||
| 300 |
_a283 გვ . ; _bილ. _c21 სმ. |
||
| 653 | _aთეორიული მექანიკა. | ||
| 653 | _aფიზიკა | ||
| 700 |
_aგრძელიძე,ე _eრედაქტორი _91241 |
||
| 942 |
_cBK _2udc |
||